00329nam a2200121Ia 4500008004100000040002900041050002400070100002400094245002400118260004300142942000700185999001500192221221s9999||||xx |||||||||||||| ||und|| cChuka University Library aLB 1027.55bS8 1972 aSuczek, R. F.92650 4aThe best land plans aJossey - Bass PubbSan Franciscoc1972 cBK c4245d4245